[Event "POL-ch Blitz U18 Girls"]
[Site "Bydgoszcz"]
[Date "2023.08.31"]
[Round "4"]
[White "Obrochta, Lena"]
[Black "Pietrzak, Emilia"]
[Result "1-0"]
[WhiteElo "1683"]
[BlackElo "1446"]
[PlyCount "77"]
[EventDate "2023.08.28"]
[EventType "swiss"]
[EventRounds "9"]
[EventCountry "POL"]
[SourceTitle "EXT 2024"]
[Source "ChessBase"]
[SourceDate "2023.10.10"]
[SourceVersion "1"]
[SourceVersionDate "2023.10.10"]
[SourceQuality "1"]

1. e4 c5 2. Nf3 e6 3. d4 cxd4 4. Nxd4 Nc6 5. Nxc6 bxc6 6. Bd3 Qc7 7. 0-0 d5 8. Nd2 Be7 9. Qe2 Nf6 10. b3 0-0 11. Bb2 Bb7 12. Rac1 Nd7 13. c4 Qa5 14. exd5 cxd5 15. Bc3 Qd8 16. Nf3 Bf6 17. Bb4 Be7 18. Bd2 Rc8 19. Rfe1 Nc5 20. cxd5 Bxd5 21. Bb1 Bf6 22. Be3 Qa5 23. Nd4 a6 24. Red1 Ne4 25. Bxe4 Bxe4 26. Nf3 Bg6 27. Bd4 Bxd4 28. Nxd4 h6 29. Rxc8 Rxc8 30. Nf3 Rc2 31. Qe3 Qxa2 32. h3 Bh5 33. Rd8+ Kh7 34. Ne5 Qa1+ 35. Kh2 Rc3 36. Qe4+ Bg6 37. Nxg6 fxg6 38. Qxe6 g5 39. Qf5+ 1-0

[Event "Jesenik op-B"]
[Site "Jesenik"]
[Date "2023.08.22"]
[Round "4"]
[White "Pietrzak, Emilia"]
[Black "Hobza, Richard"]
[Result "0-1"]
[WhiteElo "1573"]
[BlackElo "1696"]
[PlyCount "106"]
[EventDate "2023.08.19"]
[EventType "swiss"]
[EventRounds "9"]
[EventCountry "CZE"]
[SourceTitle "EXT 2024"]
[Source "ChessBase"]
[SourceDate "2023.10.10"]
[SourceVersion "1"]
[SourceVersionDate "2023.10.10"]
[SourceQuality "1"]

1. e4 e6 2. d4 d5 3. Nc3 Bb4 4. exd5 exd5 5. Bd3 c5 6. dxc5 Bxc3+ 7. bxc3 Nc6 8. Ne2 Nge7 9. 0-0 0-0 10. Re1 Bg4 11. f3 Bh5 12. Bf4 Re8 13. Rb1 Qd7 14. Nd4 Ng6 15. Bf5 Rxe1+ 16. Qxe1 Qe7 17. Bd6 Qg5 18. Qc1 Qf6 19. Nxc6 bxc6 20. Bd7 Ne5 21. Bh3 Nc4 22. Bb8 Qe7 23. Bd6 Nxd6 24. cxd6 Qxd6 25. Qe3 Bg6 26. Re1 Bxc2 27. g3 h6 28. Bf1 Qa3 29. Qd2 Qc5+ 30. Kh1 Bg6 31. Bd3 Bxd3 32. Qxd3 Qf2 33. Qe2 Qxe2 34. Rxe2 Kf8 35. Rb2 Re8 36. Kg2 Re3 37. Rc2 c5 38. Kf2 Rd3 39. c4 d4 40. Rb2 Rc3 41. Rb8+ Ke7 42. Rb7+ Ke6 43. Rxa7 Rxc4 44. Ke2 Rc2+ 45. Kd3 Rc3+ 46. Ke2 Re3+ 47. Kd2 c4 48. Rc7 c3+ 49. Kc2 Re2+ 50. Kd3 Rd2+ 51. Kc4 c2 52. Kb3 d3 53. a4 Rd1 0-1

[Event "POL-ch U20 Girls"]
[Site "Pokrzywna"]
[Date "2021.12.11"]
[Round "7"]
[White "Pietrzak, Emilia"]
[Black "Marcinczyk, Monika"]
[Result "0-1"]
[WhiteElo "1497"]
[BlackElo "2020"]
[PlyCount "90"]
[EventDate "2021.12.06"]
[EventType "swiss"]
[EventRounds "9"]
[EventCountry "POL"]
[SourceTitle "CBM 205 Extra"]
[Source "ChessBase"]
[SourceDate "2022.01.31"]
[SourceVersion "1"]
[SourceVersionDate "2022.01.31"]
[SourceQuality "1"]

1. e4 c6 2. d4 g6 3. Nf3 Bg7 4. Nc3 d5 5. Bf4 Bg4 6. exd5 cxd5 7. Be2 Nf6 8. h3 Bxf3 9. Bxf3 0-0 10. 0-0 Nc6 11. Re1 e6 12. Rb1 Qb6 13. Ne2 Ne4 14. Bxe4 dxe4 15. c3 Rad8 16. Qa4 Ne7 17. Ng3 Nd5 18. Bd2 f5 19. Bg5 Rc8 20. Bd2 e5 21. c4 Qxd4 22. Red1 Qxc4 23. Qxa7 Qa6 24. Qxa6 bxa6 25. Rbc1 Kf7 26. Ne2 Ke6 27. Nc3 Nb6 28. b3 Rfd8 29. Kf1 Rd3 30. Ke2 Rcd8 31. Nb1 R8d6 32. Na3 Rxd2+ 33. Rxd2 Rxd2+ 34. Kxd2 Bh6+ 35. Kc2 Bxc1 36. Kxc1 Nd5 37. Nc4 Nf4 38. Kd2 Nxg2 39. a4 Nf4 40. h4 Nd5 41. Na5 f4 42. Nc6 h5 43. b4 g5 44. hxg5 h4 45. g6 h3 0-1

[Event "POL-ch U20 Girls"]
[Site "Pokrzywna"]
[Date "2021.12.10"]
[Round "6"]
[White "Pietrzak, Emilia"]
[Black "Obrochta, Lena"]
[Result "0-1"]
[WhiteElo "1497"]
[BlackElo "1660"]
[PlyCount "74"]
[EventDate "2021.12.06"]
[EventType "swiss"]
[EventRounds "9"]
[EventCountry "POL"]
[SourceTitle "CBM 205 Extra"]
[Source "ChessBase"]
[SourceDate "2022.01.31"]
[SourceVersion "1"]
[SourceVersionDate "2022.01.31"]
[SourceQuality "1"]

1. e4 c5 2. Nf3 e6 3. c3 Nf6 4. e5 Nd5 5. d4 cxd4 6. cxd4 d6 7. Bc4 Nb6 8. Bb3 Be7 9. Qe2 Nc6 10. Nc3 a6 11. 0-0 0-0 12. Bc2 f6 13. exf6 Bxf6 14. Qe4 g6 15. d5 Ne5 16. Nd4 exd5 17. Nxd5 Nxd5 18. Qxd5+ Kg7 19. Bd2 Qc7 20. Bc3 Bd7 21. Rad1 Nf7 22. Rfe1 Rae8 23. Bb3 Nd8 24. Bb4 Be5 25. Bc3 Rf6 26. Rc1 Nc6 27. Red1 Qb6 28. a4 Nxd4 29. Bxd4 Bxd4 30. Qxd4 Qxb3 31. Rc3 Qxa4 32. Qd2 Qf4 33. Qc2 Bc6 34. f3 Rfe6 35. Qb1 Re2 36. Rc2 Qe3+ 37. Kh1 Re1+ 0-1

[Event "POL-ch U20 Girls"]
[Site "Pokrzywna"]
[Date "2021.12.06"]
[Round "1"]
[White "Hertlein, Irena"]
[Black "Pietrzak, Emilia"]
[Result "1-0"]
[WhiteElo "1918"]
[BlackElo "1497"]
[PlyCount "131"]
[EventDate "2021.12.06"]
[EventType "swiss"]
[EventRounds "9"]
[EventCountry "POL"]
[SourceTitle "CBM 205 Extra"]
[Source "ChessBase"]
[SourceDate "2022.01.31"]
[SourceVersion "1"]
[SourceVersionDate "2022.01.31"]
[SourceQuality "1"]

1. e4 c5 2. Nf3 d6 3. d3 Nf6 4. g3 e6 5. Bg2 Be7 6. 0-0 0-0 7. Nbd2 Nc6 8. Re1 Qc7 9. Nf1 b5 10. h4 d5 11. e5 Nd7 12. Bf4 Ba6 13. N1h2 c4 14. d4 b4 15. Bg5 Nb6 16. Ng4 Bb5 17. Nf6+ Bxf6 18. exf6 g6 19. Bh6 Nd7 20. Bxf8 Rxf8 21. h5 Nxf6 22. hxg6 hxg6 23. Ng5 Re8 24. c3 a5 25. Qf3 Kg7 26. Rad1 Ba6 27. Qe2 Bc8 28. f4 Ne7 29. Qf3 Rh8 30. Kf2 Nf5 31. g4 Nh4 32. Qg3 Nxg2 33. Kxg2 Qd8 34. Rh1 Nh7 35. Rxh7+ Rxh7 36. Nxh7 Kxh7 37. Rh1+ Kg7 38. Qh3 Kf8 39. Qh8+ Ke7 40. Qg7 Bd7 41. Rh8 Be8 42. Qf8+ Kd7 43. cxb4 axb4 44. Qxb4 Qe7 45. Qxe7+ Kxe7 46. Kf3 Ba4 47. Ra8 Bd1+ 48. Kg3 Bc2 49. g5 Bf5 50. Ra7+ Kd6 51. Rxf7 Kc6 52. Kf3 Kb6 53. Ke3 Bb1 54. Re7 Bf5 55. Kd2 Bg4 56. Kc3 Bf5 57. Kb4 Bg4 58. a4 Bf5 59. a5+ Ka6 60. Rd7 Bg4 61. Rd6+ Ka7 62. a6 Bf5 63. Ka5 Bg4 64. Rd7+ Kb8 65. a7+ Ka8 66. Kb6 1-0

[Event "POL-ch U20 Girls"]
[Site "Pokrzywna"]
[Date "2020.12.01"]
[Round "3"]
[White "Pietrzak, Emilia"]
[Black "Siekanska, Maria"]
[Result "0-1"]
[WhiteElo "1522"]
[BlackElo "1919"]
[PlyCount "86"]
[EventDate "2020.11.30"]
[EventType "swiss"]
[EventRounds "9"]
[EventCountry "POL"]
[SourceTitle "CBM 199 Extra"]
[Source "ChessBase"]
[SourceDate "2021.01.31"]
[SourceVersion "1"]
[SourceVersionDate "2021.01.31"]
[SourceQuality "1"]

1. e4 c5 2. Nf3 e6 3. b3 d5 4. exd5 exd5 5. Bb5+ Nc6 6. Qe2+ Be6 7. Bxc6+ bxc6 8. Bb2 h6 9. 0-0 Nf6 10. Ne5 Bd6 11. Nxc6 Qc7 12. Ne5 0-0 13. Nf3 d4 14. Na3 Qb7 15. Nc4 Bc7 16. Ba3 Qd5 17. Rfe1 Bg4 18. h3 Rfe8 19. Qf1 Bxf3 20. gxf3 Nh5 21. Nb2 Qd6 22. Qg2 Nf4 23. Qg3 Qa6 24. Qg4 Qxa3 25. Nc4 Qa6 26. Re4 Rxe4 27. fxe4 d3 28. c3 Re8 29. Qf3 Qg6+ 30. Kf1 Rxe4 31. Ne3 Re6 32. Nd5 Nxd5 33. Qxd5 Re2 34. Qf3 Rxd2 35. Re1 Kh7 36. a4 Bh2 37. Qg4 Qxg4 38. hxg4 Rc2 39. c4 d2 40. Rd1 Rc1 41. Ke2 Bf4 42. a5 a6 43. f3 Kh8 0-1

[Event "POL-ch U20 Girls"]
[Site "Pokrzywna"]
[Date "2020.11.30"]
[Round "2"]
[White "Wikar, Martyna"]
[Black "Pietrzak, Emilia"]
[Result "1-0"]
[WhiteElo "2171"]
[BlackElo "1522"]
[PlyCount "87"]
[EventDate "2020.11.30"]
[EventType "swiss"]
[EventRounds "9"]
[EventCountry "POL"]
[SourceTitle "CBM 199 Extra"]
[Source "ChessBase"]
[SourceDate "2021.01.31"]
[SourceVersion "1"]
[SourceVersionDate "2021.01.31"]
[SourceQuality "1"]

1. e4 c5 2. Nf3 Nc6 3. Bb5 d6 4. 0-0 Bd7 5. c3 a6 6. Ba4 b5 7. Bc2 e5 8. h3 Nf6 9. d4 exd4 10. cxd4 cxd4 11. Nxd4 Be7 12. Nc3 0-0 13. Be3 Qc7 14. Rc1 Nxd4 15. Bxd4 Bc6 16. Qd3 g6 17. Bb3 Qd7 18. Rfe1 b4 19. Nd5 Nxd5 20. exd5 Bb5 21. Qd2 a5 22. Qh6 f6 23. Re6 Rf7 24. Rce1 Rc8 25. Qe3 Rc7 26. Bb6 Rb7 27. Bxa5 Bf8 28. Bxb4 Ba6 29. Bc3 Bg7 30. Re8+ Rf8 31. Rxf8+ Kxf8 32. Qf4 Bd3 33. Bxf6 Bf5 34. Ba4 Qc7 35. Bxg7+ Kxg7 36. Qd4+ Kg8 37. Bc6 Rb8 38. b4 Rd8 39. a4 Rb8 40. a5 Bc8 41. Re8+ Kf7 42. Qh8 g5 43. Qxh7+ Kf6 44. Qxc7 1-0

[Event "Rubinstein Memorial-D 54th"]
[Site "Polanica Zdroj"]
[Date "2018.08.20"]
[Round "3"]
[White "Sokol, Maria"]
[Black "Pietrzak, Emilia"]
[Result "1-0"]
[WhiteElo "1304"]
[BlackElo "1213"]
[PlyCount "99"]
[EventDate "2018.08.18"]
[EventType "swiss"]
[EventRounds "9"]
[EventCountry "POL"]
[SourceTitle "EXT 2020"]
[Source "ChessBase"]
[SourceDate "2019.10.17"]
[SourceVersion "1"]
[SourceVersionDate "2019.10.17"]
[SourceQuality "1"]

1. e4 c5 2. Nf3 e6 3. d4 cxd4 4. Nxd4 Qb6 5. Nb3 Nf6 6. Bd3 Nc6 7. Be3 Qc7 8. a3 d5 9. exd5 Nxd5 10. 0-0 Bd6 11. h3 0-0 12. Bd2 e5 13. Nc3 Be6 14. Nxd5 Bxd5 15. Qh5 h6 16. Qf5 g6 17. Qg4 h5 18. Qd1 e4 19. Be2 Bf4 20. Bxf4 Qxf4 21. Qxd5 Rad8 22. Qc5 Rfe8 23. Qe3 Qe5 24. Qc3 Qf4 25. Qg3 Qf6 26. Rab1 Kh7 27. Qc3 Qf4 28. g3 Qg5 29. Kg2 e3 30. fxe3 Ne5 31. h4 Qe7 32. Qc5 Qe6 33. Nd4 Qd5+ 34. Qxd5 Rxd5 35. Bf3 Rd7 36. Rfe1 Nc4 37. Kf2 Rde7 38. e4 Nd2 39. Rbd1 Nxe4+ 40. Rxe4 Rxe4 41. Bxe4 Rxe4 42. Kf3 f5 43. Ne2 Re7 44. Nf4 Rc7 45. c3 b6 46. Rd6 Rg7 47. Nh3 Re7 48. Ng5+ Kh6 49. Rd8 Re1 50. Rd7 1-0